ბათუმის შოთა რუსთაველის სახელმწიფო უნივერსიტეტის ბიბლიოთეკა

გლობალიზაცია და ბიზნესი = Globalization & business : (ბიბ.ჩანაწერი № 61535)

000 -LEADER
fixed length control field 00868nam a22001817a 4500
005 - DATE AND TIME OF LATEST TRANSACTION
control field 20240322095959.0
008 - FIXED-LENGTH DATA ELEMENTS--GENERAL INFORMATION
fixed length control field 240322c2022 ge ||||| |||| 00| 0 geo d
022 ## - INTERNATIONAL STANDARD SERIAL NUMBER
International Standard Serial Number 2449-2396
041 ## - LANGUAGE CODE
Language code of text/sound track or separate title geo
245 ## - TITLE STATEMENT
Title გლობალიზაცია და ბიზნესი = Globalization & business :
Remainder of title სამეცნიერო–პრაქტიკული ჟურნალი /
Statement of responsibility, etc. ევროპის უნივერსიტეტი.
260 ## - PUBLICATION, DISTRIBUTION, ETC.
Place of publication, distribution, etc. თბილისი,
Date of publication, distribution, etc. 2016-
300 ## - PHYSICAL DESCRIPTION
Extent V.
653 ## - INDEX TERM--UNCONTROLLED
Uncontrolled term გლობალიზაცია და ბიზნესი
653 ## - INDEX TERM--UNCONTROLLED
Uncontrolled term პერიოდიკა
700 ## - ADDED ENTRY--PERSONAL NAME
Personal name ბედიანაშვილი, გივი
Relator term მთავარი რედაქტორი
9 (RLIN) 21541
710 ## - ADDED ENTRY--CORPORATE NAME
Corporate name or jurisdiction name as entry element ევროპის უნივერსიტეტი
9 (RLIN) 14006
942 ## - ADDED ENTRY ELEMENTS (KOHA)
Source of classification or shelving scheme
Koha item type პერიოდიკა
ეგზემპლარები
Withdrawn status Lost status Source of classification or shelving scheme Damaged status Not for loan Permanent Location Current Location Date acquired Serial Enumeration / chronology Barcode Date last seen Copy number Price effective from Koha item type
          ბათუმის შოთა რუსთაველის სახელმწიფო უნივერსიტეტის მთავარი ბიბლიოთეკა ბათუმის შოთა რუსთაველის სახელმწიფო უნივერსიტეტის მთავარი ბიბლიოთეკა 2024-03-22 # 13 (2022) 81124 2024-03-22 81124 2024-03-22 პერიოდიკა
          ბათუმის შოთა რუსთაველის სახელმწიფო უნივერსიტეტის მთავარი ბიბლიოთეკა ბათუმის შოთა რუსთაველის სახელმწიფო უნივერსიტეტის მთავარი ბიბლიოთეკა 2024-03-22 # 14 (2022) 81125 2024-03-22 81125 2024-03-22 პერიოდიკა